Guess the Question - Statistics

General Stats
  • This quiz has been taken 180 times
  • The average score is 12 of 18
Answer Stats
Hint Answer % Correct
Jupiter What planet has the moon Ganymede?
87%
Turkey In what country is Istanbul?
83%
Thomas Edison Who invented audio recording?
81%
New Zealand Where are Māori people from?
80%
Pancake A blintz is a type of what?
78%
1066 When did the Normans invade England?
78%
March 15 What day was Julius Caesar assassinated?
75%
Urdu What language is most common in Pakistan?
73%
Black Forest What German region is the source of the Danube?
72%
Mars Who is the Roman god of war?
70%
Isaac Newton Who was born on Christmas Day?
70%
Christmas On what day was Charlemagne crowned?
69%
Busan What is South Korea’s second city?
61%
Cassowary What is the second-heaviest living bird?
61%
Parapet What are the raised ridges on a castle wall?
54%
Portcullis What is a big iron gate on a castle?
53%
Canton What is the old name for Guangzhou?
53%
Xi’an Where is the Terracotta Army?
45%
No matching quizzes found
Score Distribution
Percent of People with Each Score
Percentile by Number Answered
Your Score History
You have not taken this quiz